| 000 | 00844nam a2200217 a 4500 | ||
|---|---|---|---|
| 001 | 000025834 | ||
| 005 | 20260527074041.0 | ||
| 008 | 110223s1994 dr ac 000 0 spa d | ||
| 040 |
_aDO-SdBNP _bspa _cBNPHU |
||
| 082 |
_a923.27293 _bG643a |
||
| 100 | 1 |
_aGonzález Sánchez, Luis José, _d1949- _952666 |
|
| 245 | 1 | 0 |
_aApuntes de un legislador y obra de un gran estadista / _cLuis José González Sánchez. |
| 260 |
_aSanto Somingo : _bUnigraf, _c1994. |
||
| 300 |
_a305 p. : _bil., retrs. ; _c22 cm. |
||
| 500 | _aIncluye datos biográficos del autor en la solapa de la cubierta. | ||
| 590 | _aInventariado, 2020/BT | ||
| 650 | 4 |
_aPolíticos _zRepública Dominicana _91349 |
|
| 650 | 0 |
_aPartidos políticos _zRepública Dominicana _9285 |
|
| 651 | 0 |
_aRepública Dominicana _xPolítica y gobierno _945 |
|
| 910 | _aValidado. Control de calidad EMS | ||
| 999 |
_c25326 _d25326 |
||